[Event "European Senior Chess Championship 2018"]
[Site "Drammen, Norway"]
[Date "2018.08.03"]
[Round "3"]
[White "Ashby, Anthony C"]
[Black "Khmiadashvili, Tamar"]
[Result "0-1"]
[WhiteElo "2055"]
[BlackElo "1969"]
[PlyCount "60"]
[EventDate "2018.??.??"]

1. e4 d5 2. exd5 Qxd5 3. Nf3 Qd6 4. Nc3 Nf6 5. Be2 c6 6. d3 Bg4 7. Be3 e6 8. h3
Bxf3 9. Bxf3 Be7 10. Qd2 Nbd7 11. O-O Qc7 12. a4 O-O 13. Ne4 Nd5 14. c4 Nxe3
15. Qxe3 f5 16. Ng5 Bxg5 17. Qxg5 e5 18. Qd2 Rad8 19. Qc2 Nc5 20. Rad1 a5 21.
Rd2 Rd4 22. Re1 Rfd8 23. g4 e4 24. Bg2 exd3 25. Qd1 fxg4 26. hxg4 Qf4 27. Re3
Qxg4 28. Qe1 Qg6 29. Rg3 Qd6 30. Bf1 Ne4
0-1

[Event "European Senior Chess Championship 2018"]
[Site "Drammen, Norway"]
[Date "2018.08.03"]
[Round "3"]
[White "Kabanova, Irina"]
[Black "Svensson, Leif"]
[Result "1/2-1/2"]
[WhiteElo "1847"]
[BlackElo "2052"]
[PlyCount "32"]
[EventDate "2018.??.??"]

1. e4 e5 2. Nf3 Nf6 3. d4 Nxe4 4. Nxe5 d5 5. Bd3 Nd7 6. Nxd7 Bxd7 7. Nd2 Nxd2
8. Bxd2 Qe7+ 9. Be3 O-O-O 10. O-O Qh4 11. Qf3 Be6 12. g3 Qg4 13. Qxg4 Bxg4 14.
f3 Bd7 15. c4 dxc4 16. Bxc4 Be6
1/2-1/2

[Event "European Senior Chess Championship 2018"]
[Site "Drammen, Norway"]
[Date "2018.08.03"]
[Round "3"]
[White "Sorokina, Tamara"]
[Black "Ingham, H William"]
[Result "0-1"]
[WhiteElo "2050"]
[BlackElo "1819"]
[PlyCount "70"]
[EventDate "2018.??.??"]

1. d4 c6 2. Nf3 d6 3. e4 Bg4 4. Bd3 Nd7 5. O-O Qc7 6. c3 e5 7. h3 Bh5 8. Be3
Ngf6 9. Nbd2 Be7 10. Qc2 Bg6 11. Rfe1 O-O 12. b4 Rfe8 13. dxe5 Nxe5 14. Nxe5
dxe5 15. Nb3 b6 16. f3 Nh5 17. Qf2 Rad8 18. Bc4 Rd7 19. a4 Qd8 20. g3 Bg5 21.
Kg2 Bxe3 22. Qxe3 Kh8 23. b5 c5 24. Bd5 f5 25. Qf2 fxe4 26. Bxe4 Bxe4 27. Rxe4
Nf6 28. Re2 Rd3 29. Rae1 e4 30. f4 e3 31. Qf3 Ne4 32. Rxe3 Rxe3 33. Qxe3 Nf6
34. Qf2 Qd5+ 35. Kf1 Qd3+
0-1

[Event "European Senior Chess Championship 2018"]
[Site "Drammen, Norway"]
[Date "2018.08.03"]
[Round "3"]
[White "Anguera Maestro, Jaime"]
[Black "Solli, Oddvar"]
[Result "1-0"]
[WhiteElo "2042"]
[BlackElo "1796"]
[PlyCount "61"]
[EventDate "2018.??.??"]

1. d4 d5 2. Nf3 Nf6 3. Bf4 g6 4. e3 Bg7 5. Be2 O-O 6. O-O c5 7. c3 Qb6 8. Qb3
Nc6 9. Nbd2 c4 10. Qxb6 axb6 11. b3 b5 12. a4 bxa4 13. bxc4 Be6 14. c5 Ra7 15.
Ra3 Nd7 16. Rfa1 Rfa8 17. Bb5 Bf5 18. Rxa4 Rxa4 19. Rxa4 Rxa4 20. Bxa4 f6 21.
Bc7 Nf8 22. h3 Ne6 23. Bb6 Nf8 24. c4 dxc4 25. Nxc4 Nb4 26. Na5 Bc8 27. Bb3+ e6
28. Nd2 Nd5 29. Ndc4 Nd7 30. Nd6 N7xb6 31. cxb6
1-0

[Event "European Senior Chess Championship 2018"]
[Site "Drammen, Norway"]
[Date "2018.08.03"]
[Round "3"]
[White "Hauge, Tor Arne"]
[Black "Sather, Lars"]
[Result "1-0"]
[WhiteElo "2037"]
[BlackElo "1720"]
[PlyCount "59"]
[EventDate "2018.??.??"]

1. c4 Nf6 2. Nc3 c6 3. d4 b6 4. e4 d6 5. Bg5 h6 6. Bh4 Qc7 7. Nf3 Nbd7 8. d5
Nc5 9. Bxf6 exf6 10. Be2 Be7 11. Nd4 Bb7 12. b4 Nd7 13. Nf5 Bf8 14. O-O a6 15.
dxc6 Bxc6 16. Nd5 Qd8 17. b5 Bb7 18. a4 Nc5 19. Bf3 Rc8 20. Nd4 Nd7 21. Bg4
Rxc4 22. Bxd7+ Kxd7 23. Rc1 Bxd5 24. exd5 axb5 25. Qg4+ Ke8 26. Rxc4 bxc4 27.
Re1+ Be7 28. Nc6 Qd7 29. Rxe7+ Qxe7 30. Qc8+
1-0

[Event "European Senior Chess Championship 2018"]
[Site "Drammen, Norway"]
[Date "2018.08.03"]
[Round "3"]
[White "Milashevskaja, Valentina"]
[Black "Archangelsky, Mikhail"]
[Result "0-1"]
[WhiteElo "1748"]
[BlackElo "2033"]
[PlyCount "86"]
[EventDate "2018.??.??"]

1. d4 g6 2. g3 Bg7 3. Bg2 d6 4. Nf3 Nd7 5. O-O e5 6. e4 Nh6 7. dxe5 dxe5 8. Bg5
f6 9. Bd2 O-O 10. Qe2 c6 11. Nc3 Nf7 12. Rfd1 Qc7 13. a4 Nc5 14. Be3 Ne6 15.
Rd2 f5 16. exf5 gxf5 17. Rdd1 a5 18. Rab1 Qe7 19. Qe1 Qb4 20. Nh4 Nd4 21. Rdc1
Be6 22. b3 Qxc3 23. Bd2 Qc5 24. b4 Qc4 25. Bf1 Qd5 26. Bg2 Qd7 27. bxa5 Bc4 28.
Bf1 Bxf1 29. Qxf1 Bf6 30. Bb4 Bxh4 31. Bxf8 Kxf8 32. Rd1 Bg5 33. f4 exf4 34. c3
fxg3 35. cxd4 gxh2+ 36. Kxh2 Rxa5 37. Qc4 Nd6 38. Qb4 Rd5 39. Re1 Bf4+ 40. Kh1
Qg7 41. Re2 Rxd4 42. Qa5 Qh6+ 43. Kg1 Be3+
0-1

[Event "European Senior Chess Championship 2018"]
[Site "Drammen, Norway"]
[Date "2018.08.03"]
[Round "3"]
[White "Ludviksson, Johannes"]
[Black "Munar Mut, Antonio"]
[Result "1/2-1/2"]
[WhiteElo "2024"]
[BlackElo "1909"]
[PlyCount "77"]
[EventDate "2018.??.??"]

1. Nf3 c5 2. c4 Nc6 3. e3 Nf6 4. Nc3 e6 5. d4 cxd4 6. Nxd4 Be7 7. Be2 O-O 8.
O-O a6 9. b3 d5 10. cxd5 Nxd4 11. Qxd4 Nxd5 12. Nxd5 exd5 13. Bb2 Bf6 14. Qd2
Bxb2 15. Qxb2 Qg5 16. Rfd1 Be6 17. Rd4 Rfc8 18. Rad1 Rc6 19. Bf3 Rac8 20. R4d2
h6 21. g3 Qf5 22. Bxd5 Rc2 23. Bxe6 fxe6 24. Qd4 Rxd2 25. Qxd2 Rc2 26. Qd8+ Kh7
27. Rd2 Rc1+ 28. Rd1 Rc2 29. Qd3 Rxa2 30. Qxf5+ exf5 31. Rd7 b5 32. Rd6 Ra3 33.
Rb6 h5 34. h4 g6 35. Kg2 Rxb3 36. Rxa6 Kg7 37. Kf3 Rb4 38. Rb6 Kf7 39. Rb7+
1/2-1/2

[Event "European Senior Chess Championship 2018"]
[Site "Drammen, Norway"]
[Date "2018.08.03"]
[Round "3"]
[White "Tolda Andreu, Eloi"]
[Black "Hewson, Brian W R"]
[Result "0-1"]
[WhiteElo "1827"]
[BlackElo "2012"]
[PlyCount "122"]
[EventDate "2018.??.??"]

1. Nf3 d5 2. c4 e6 3. cxd5 exd5 4. g3 Nf6 5. Bg2 c6 6. O-O Bd6 7. d3 O-O 8. Re1
Re8 9. Nc3 Bb4 10. a3 Bf8 11. e3 Na6 12. d4 Nc7 13. b4 a5 14. bxa5 Rxa5 15. Qb3
Nb5 16. a4 Nxc3 17. Qxc3 Ne4 18. Qb2 Qd6 19. Bd2 Nxd2 20. Qxd2 Qb4 21. Qxb4
Bxb4 22. Reb1 Bd6 23. Nd2 Ra7 24. Nb3 Bf5 25. Rb2 Bb4 26. Rba2 Rea8 27. a5 Bc3
28. Rc1 Bxa5 29. Nxa5 Rxa5 30. Rb2 Ra1 31. Rf1 b5 32. h4 Bd3 33. Rxa1 Rxa1+ 34.
Kh2 Kf8 35. g4 Ke7 36. Kg3 Kd6 37. Kf4 Ra4 38. Rd2 Ra3 39. e4 Bxe4 40. Bxe4
dxe4 41. Kxe4 Ra4 42. Rc2 Rc4 43. Rb2 c5 44. Rxb5 Rxd4+ 45. Kf3 Kc6 46. Rb8 Rd7
47. g5 c4 48. Ke3 Kc5 49. h5 c3 50. Rc8+ Kb4 51. Rb8+ Kc4 52. Rc8+ Kb3 53. Rb8+
Kc2 54. Rc8 Re7+ 55. Kf4 Kd2 56. Rd8+ Kc1 57. Rc8 c2 58. Kf5 Rb7 59. h6 Rb5+
60. Kg4 gxh6 61. gxh6 Kb2
0-1

[Event "European Senior Chess Championship 2018"]
[Site "Drammen, Norway"]
[Date "2018.08.03"]
[Round "3"]
[White "Johnsen, Oystein"]
[Black "Svanholm, Borge Waaktaar"]
[Result "1/2-1/2"]
[WhiteElo "2009"]
[BlackElo "1862"]
[PlyCount "94"]
[EventDate "2018.??.??"]

1. d4 Nf6 2. Nf3 g6 3. c4 Bg7 4. Nc3 O-O 5. e4 d6 6. h3 e5 7. dxe5 dxe5 8. Be3
Qe7 9. Qc2 c6 10. Be2 Na6 11. a3 b6 12. O-O Bb7 13. Rfe1 Rfd8 14. Bf1 h6 15.
Rad1 Nc7 16. Rxd8+ Rxd8 17. Rd1 Rxd1 18. Qxd1 c5 19. Nd2 Bc6 20. Nd5 Qd8 21. b4
cxb4 22. axb4 Ne6 23. f3 Ne8 24. Qa1 Qd7 25. Nb1 f5 26. b5 Bxd5 27. cxd5 Nd8
28. Qc3 Nd6 29. Qc2 fxe4 30. fxe4 Qc8 31. Qxc8 Nxc8 32. Na3 Nd6 33. Bd3 Kf8 34.
Nc2 Ke7 35. Nb4 Kd7 36. Kf2 Kc7 37. Kf3 Kd7 38. h4 Ke7 39. g4 Bf8 40. Bf1 Kd7
41. h5 a5 42. Nc2 N8b7 43. Ne1 Nc5 44. Bxc5 bxc5 45. Nd3 Nf7 46. Nb2 Nd6 47.
Ke3 Kc7
1/2-1/2

[Event "European Senior Chess Championship 2018"]
[Site "Drammen, Norway"]
[Date "2018.08.03"]
[Round "3"]
[White "Lilleng, Gunnar"]
[Black "Strand, Kjetil"]
[Result "0-1"]
[WhiteElo "1598"]
[BlackElo "1994"]
[PlyCount "88"]
[EventDate "2018.??.??"]

1. d4 d5 2. c3 Nf6 3. Bg5 Ne4 4. Bf4 e6 5. Nf3 c5 6. e3 Nc6 7. Nbd2 Qb6 8. Qb3
Nxd2 9. Nxd2 c4 10. Qxb6 axb6 11. Be2 b5 12. O-O b4 13. e4 Be7 14. Bf3 Ra5 15.
exd5 exd5 16. Rfe1 Be6 17. h3 Kd7 18. Bg4 Rha8 19. Reb1 g5 20. Bxe6+ fxe6 21.
Be3 Rxa2 22. Rxa2 Rxa2 23. Nf3 h6 24. g4 b3 25. Kg2 Bf8 26. Kg3 Bd6+ 27. Kg2 e5
28. dxe5 Nxe5 29. Nxe5+ Bxe5 30. Kf3 Kd6 31. Kg2 b5 32. Kf1 b4 33. cxb4 Bxb2
34. Bc5+ Kc6 35. Kg2 c3 36. Re1 c2 37. Re6+ Kb5 38. Rb6+ Kc4 39. Rc6 Bc3 40.
Be3+ Kd3 41. Rd6 d4 42. h4 b2 43. hxg5 hxg5 44. Bxg5 b1=Q
0-1

[Event "European Senior Chess Championship 2018"]
[Site "Drammen, Norway"]
[Date "2018.08.03"]
[Round "3"]
[White "Danielsson, Robert"]
[Black "Rubinstein, Mark"]
[Result "1/2-1/2"]
[WhiteElo "1993"]
[BlackElo "1850"]
[PlyCount "121"]
[EventDate "2018.??.??"]

1. d4 d5 2. c4 c6 3. Nf3 e6 4. Qc2 Nf6 5. g3 Nbd7 6. Bg2 dxc4 7. Qxc4 Nb6 8.
Qc2 Bb4+ 9. Bd2 Bxd2+ 10. Nbxd2 O-O 11. O-O Bd7 12. a3 h6 13. e4 Ne8 14. Rad1
Qe7 15. Nb3 Nd6 16. Nc5 Be8 17. e5 Ndc8 18. Nd2 Nd5 19. Nce4 Bd7 20. Nc4 Rd8
21. Ncd6 Be8 22. Nxc8 Rdxc8 23. Nd6 Rc7 24. Rc1 Rd7 25. Qd2 Rc7 26. b4 a6 27.
Rc2 Bd7 28. a4 Be8 29. Rfc1 Rd7 30. Rc5 Rdd8 31. Bxd5 exd5 32. Nxe8 Qxe8 33.
Qc3 Rab8 34. f4 Qe6 35. Qf3 g6 36. Kg2 Kf8 37. h3 h5 38. f5 Qxf5 39. Qxf5 gxf5
40. Rf1 Ke7 41. Rxf5 Rh8 42. Rc3 Rbg8 43. b5 axb5 44. axb5 Rg6 45. bxc6 bxc6
46. Ra3 Rh7 47. Ra7+ Ke6 48. Rf3 c5 49. Ra6+ Kd7 50. Rxg6 fxg6 51. Ra3 Ke6 52.
Ra6+ Kf5 53. dxc5 Rc7 54. Rf6+ Kxe5 55. Rxg6 Kf5 56. Rg8 Rxc5 57. Kf3 Rc3+ 58.
Ke2 Ke4 59. Rg5 d4 60. Rxh5 Rxg3 61. Rh4+
1/2-1/2

[Event "European Senior Chess Championship 2018"]
[Site "Drammen, Norway"]
[Date "2018.08.03"]
[Round "3"]
[White "Sand, Rolf, Dr."]
[Black "Carulla Pons, Carlos"]
[Result "1-0"]
[WhiteElo "1990"]
[BlackElo "1835"]
[PlyCount "96"]
[EventDate "2018.??.??"]

1. c4 Nf6 2. g3 g6 3. Bg2 Bg7 4. Nc3 O-O 5. e4 d6 6. Nge2 Nc6 7. O-O e5 8. d3
Be6 9. Nd5 Ne7 10. Bg5 Nfxd5 11. cxd5 Bg4 12. f3 Bd7 13. Qd2 Bh8 14. Rac1 c5
15. dxc6 Bxc6 16. d4 Re8 17. d5 Bb5 18. Bh3 Bd7 19. Bxd7 Qxd7 20. Be3 f5 21.
Rc2 b6 22. Rfc1 Rac8 23. Qb4 Rxc2 24. Rxc2 Rc8 25. Rxc8+ Nxc8 26. Nc3 Bf6 27.
Qc4 Ne7 28. Nb5 fxe4 29. fxe4 Kg7 30. Nc7 Kf7 31. Ne6 Nc8 32. Kg2 Ke8 33. Bh6
Bd8 34. Qf1 Be7 35. Qc4 Kf7 36. b3 Ke8 37. Qf1 b5 38. Ng7+ Kd8 39. Qf7 Kc7 40.
Ne6+ Kb8 41. Qxh7 b4 42. Qxg6 Qb5 43. Qg4 Qd3 44. h4 Qc2+ 45. Kh3 Qxa2 46. Qf3
a5 47. Qd3 Qf2 48. Be3 Qe1
1-0

[Event "European Senior Chess Championship 2018"]
[Site "Drammen, Norway"]
[Date "2018.08.03"]
[Round "3"]
[White "Smeby, Ole"]
[Black "Podlovna, Stella"]
[Result "1-0"]
[WhiteElo "1980"]
[BlackElo "1607"]
[PlyCount "53"]
[EventDate "2018.??.??"]

1. d4 d5 2. c4 c6 3. e3 Bf5 4. Nf3 Nf6 5. Bd3 Bxd3 6. Qxd3 e6 7. O-O Bd6 8. Nc3
Nbd7 9. e4 dxe4 10. Nxe4 Nxe4 11. Qxe4 Nf6 12. Qe2 h6 13. Rd1 Qe7 14. a3 a5 15.
Bd2 a4 16. Bc3 O-O 17. Re1 Rfe8 18. Rad1 b6 19. Ne5 Qc7 20. f4 Rad8 21. Qf3 Rc8
22. Re2 Red8 23. g4 b5 24. h4 bxc4 25. Nxc4 Bxf4 26. Ba5 Bh2+ 27. Rxh2
1-0

[Event "European Senior Chess Championship 2018"]
[Site "Drammen, Norway"]
[Date "2018.08.03"]
[Round "3"]
[White "Ladisic, Alex-Sacha"]
[Black "Rostad, Rolf"]
[Result "1-0"]
[WhiteElo "1962"]
[BlackElo "1813"]
[PlyCount "83"]
[EventDate "2018.??.??"]

1. e4 d6 2. d4 Nf6 3. Nc3 g6 4. Nf3 Bg7 5. Be2 O-O 6. O-O c6 7. a4 Nbd7 8. Re1
Qc7 9. Bf1 e5 10. h3 exd4 11. Nxd4 d5 12. exd5 Nxd5 13. Nxd5 cxd5 14. c3 a6 15.
Qf3 Nf6 16. Bf4 Qd8 17. Bg5 Qd6 18. Bf4 Qd8 19. Be5 Ne4 20. Bxg7 Kxg7 21. Bd3
Nc5 22. Bc2 Ne6 23. Red1 Nxd4 24. Rxd4 Qb6 25. b4 Be6 26. Bb3 Rad8 27. Rad1 Rd7
28. Bxd5 Bxd5 29. Rxd5 Rxd5 30. Qxd5 Rc8 31. Rd3 Qc6 32. Qxc6 Rxc6 33. Kf1 Re6
34. Re3 Rxe3 35. fxe3 Kf6 36. Ke2 Ke5 37. Kd3 f5 38. c4 g5 39. a5 h5 40. b5 h4
41. c5 Kd5 42. c6
1-0

[Event "European Senior Chess Championship 2018"]
[Site "Drammen, Norway"]
[Date "2018.08.03"]
[Round "3"]
[White "Wahlstedt, Mats"]
[Black "Mella, Aage"]
[Result "1-0"]
[WhiteElo "1951"]
[BlackElo "1689"]
[PlyCount "81"]
[EventDate "2018.??.??"]

1. e4 c5 2. c3 Nf6 3. e5 Nd5 4. d4 e6 5. a3 cxd4 6. cxd4 Nc6 7. Nf3 a6 8. Nc3
Nxc3 9. bxc3 d5 10. Bd3 Be7 11. O-O O-O 12. h4 h6 13. h5 f5 14. exf6 Bxf6 15.
Re1 Na5 16. Ne5 Bxe5 17. dxe5 Bd7 18. Qg4 Be8 19. Bxh6 Qe7 20. Bg5 Qf7 21. Bf6
Nc6 22. Bg6 Qd7 23. h6 Bxg6 24. Qxg6 Qf7 25. Qxf7+ Rxf7 26. hxg7 Rc8 27. Re3
Rfc7 28. Rd1 Ne7 29. Rdd3 Nf5 30. Rh3 Kf7 31. Rdf3 Rc4 32. Rh8 Rg8 33. Rxg8
Kxg8 34. Rh3 Nxg7 35. Rg3 Rc7 36. Kf1 Kf8 37. Bxg7+ Rxg7 38. Rxg7 Kxg7 39. f4
Kg6 40. g4 b5 41. Ke2
1-0

[Event "European Senior Chess Championship 2018"]
[Site "Drammen, Norway"]
[Date "2018.08.03"]
[Round "3"]
[White "Lie, Terje"]
[Black "Ilyes, Peter"]
[Result "0-1"]
[WhiteElo "1502"]
[BlackElo "1944"]
[PlyCount "112"]
[EventDate "2018.??.??"]

1. d4 e6 2. c4 f5 3. Nf3 Nf6 4. Nc3 Bb4 5. Bd2 O-O 6. g3 d6 7. Bg2 Nbd7 8. O-O
e5 9. dxe5 dxe5 10. e3 e4 11. Nd4 Ne5 12. b3 c5 13. Nde2 Nd3 14. Qc2 g5 15. a3
Ba5 16. Rad1 g4 17. Na2 Bxd2 18. Rxd2 Qa5 19. a4 Be6 20. Qc3 Qc7 21. Nec1 Ne5
22. Rfd1 Nf3+ 23. Bxf3 exf3 24. Rd3 Ne4 25. Qe1 Rad8 26. Nc3 Rxd3 27. Nxd3 Rd8
28. Nxe4 fxe4 29. Nf4 Bf7 30. Nd5 Bxd5 31. Rxd5 Rxd5 32. cxd5 Qd6 33. Qd2 Kf7
34. h4 gxh3 35. Kh2 h5 36. Kxh3 Kg6 37. Qe1 Kg5 38. Qd2 h4 39. gxh4+ Kh5 40.
Qc3 Qd7+ 41. Kh2 Qxd5 42. Qh8+ Kg4 43. Qf6 b6 44. Qf4+ Kh5 45. Kg3 Qg8+ 46.
Qg5+ Qxg5+ 47. hxg5 Kxg5 48. Kh2 a6 49. Kg1 b5 50. axb5 axb5 51. Kf1 Kg4 52.
Ke1 Kh3 53. Kd2 Kg2 54. Kc3 Kxf2 55. b4 cxb4+ 56. Kd4 b3
0-1

[Event "European Senior Chess Championship 2018"]
[Site "Drammen, Norway"]
[Date "2018.08.03"]
[Round "3"]
[White "Patola, Eero"]
[Black "Tveten, Per"]
[Result "1-0"]
[WhiteElo "1856"]
[BlackElo "1526"]
[PlyCount "85"]
[EventDate "2018.??.??"]

1. c4 e5 2. Nc3 Nf6 3. g3 g6 4. Bg2 Bg7 5. e4 c5 6. d3 Nc6 7. Nge2 d6 8. h3 O-O
9. O-O Nd4 10. Nxd4 cxd4 11. Ne2 Be6 12. Rb1 h6 13. f4 Nh7 14. f5 Bd7 15. Bd2
g5 16. g4 Rc8 17. Ng3 b5 18. b3 Bc6 19. Nh5 Bh8 20. Qc1 f6 21. Qa3 Qe7 22. Rfc1
Rfd8 23. Bb4 Be8 24. Ng3 bxc4 25. bxc4 Bc6 26. Bf3 Bg7 27. Bd1 Be8 28. Bb3 Bf7
29. Ba4 Bf8 30. Ba5 d5 31. Qxe7 Bxe7 32. Bxd8 Bxd8 33. exd5 Ba5 34. Ne4 Rd8 35.
Rb7 Bb6 36. c5 Bxd5 37. Bb3 Bxb3 38. axb3 Rc8 39. Rc4 Bd8 40. c6 a5 41. c7 Bxc7
42. Rcxc7 Rxc7 43. Rxc7
1-0

[Event "European Senior Chess Championship 2018"]
[Site "Drammen, Norway"]
[Date "2018.08.03"]
[Round "4"]
[White "Khmiadashvili, Tamar"]
[Black "Hartung-Nielsen, Jens"]
[Result "1-0"]
[WhiteElo "1969"]
[BlackElo "2211"]
[PlyCount "105"]
[EventDate "2018.??.??"]

1. f4 d5 2. b3 Nf6 3. Nf3 g6 4. Bb2 Bg7 5. e3 Bg4 6. Be2 Bxf3 7. Bxf3 O-O 8.
O-O Nbd7 9. d4 c5 10. Nd2 Qb6 11. c4 e6 12. Rb1 a5 13. Qe2 Rfe8 14. g4 cxd4 15.
Bxd4 Nc5 16. g5 Nfd7 17. Bxg7 Kxg7 18. cxd5 exd5 19. Bxd5 Qd6 20. Qc4 Qe7 21.
Qd4+ Kg8 22. e4 Ne6 23. Bxe6 Qxe6 24. Rbe1 a4 25. Re2 axb3 26. axb3 Ra2 27. Rg2
b6 28. f5 gxf5 29. exf5 Qe3+ 30. Qxe3 Rxe3 31. Nc4 Rxg2+ 32. Kxg2 Rxb3 33. Rd1
Rc3 34. Rxd7 Rxc4 35. Kg3 Kg7 36. Rb7 Rb4 37. h4 Rb3+ 38. Kg4 Rb4+ 39. Kh5 Re4
40. Rb8 h6 41. gxh6+ Kh7 42. Rb7 Kg8 43. Rxb6 Re7 44. Kg5 Ra7 45. Rb8+ Kh7 46.
Rf8 Rb7 47. Kf6 Rb6+ 48. Kxf7 Rxh6 49. Re8 Rxh4 50. f6 Ra4 51. Kf8 Kg6 52. f7
Kf6 53. Rb8
1-0

[Event "European Senior Chess Championship 2018"]
[Site "Drammen, Norway"]
[Date "2018.08.03"]
[Round "4"]
[White "Archangelsky, Mikhail"]
[Black "Fatalibekova, Elena"]
[Result "1/2-1/2"]
[WhiteElo "2033"]
[BlackElo "2181"]
[PlyCount "27"]
[EventDate "2018.??.??"]

1. d4 Nf6 2. Nf3 e6 3. e3 b6 4. Bd3 Bb7 5. O-O c5 6. c3 Be7 7. Nbd2 d5 8. Ne5
O-O 9. f4 Nbd7 10. b3 Rc8 11. Bb2 Ne4 12. Nxe4 dxe4 13. Bb5 Nxe5 14. dxe5
1/2-1/2

[Event "European Senior Chess Championship 2018"]
[Site "Drammen, Norway"]
[Date "2018.08.03"]
[Round "4"]
[White "Kolbak, Jens"]
[Black "Hauge, Tor Arne"]
[Result "1-0"]
[WhiteElo "2181"]
[BlackElo "2037"]
[PlyCount "119"]
[EventDate "2018.??.??"]

1. Nf3 Nf6 2. c4 g6 3. g3 Bg7 4. Bg2 O-O 5. d4 c6 6. O-O d5 7. Nbd2 Nbd7 8. b3
e5 9. dxe5 Ng4 10. Ba3 Re8 11. cxd5 cxd5 12. Rc1 Ndxe5 13. h3 Nxf3+ 14. Nxf3
Nh6 15. Qd2 Nf5 16. Rcd1 Be6 17. Bb2 Qb6 18. Bxg7 Kxg7 19. Nd4 h5 20. Nxf5+
Bxf5 21. Qb2+ Qf6 22. Qxf6+ Kxf6 23. e3 Rad8 24. Rd4 Be6 25. Rfd1 Rc8 26. R1d2
Rc7 27. Kh2 Rec8 28. Bxd5 Bxd5 29. Rxd5 Rc1 30. Kg2 R8c2 31. h4 Kg7 32. Kf3 a6
33. a4 Rc3 34. R5d3 b5 35. axb5 axb5 36. Rxc3 Rxc3 37. b4 Rc4 38. Rd4 Rc6 39.
Rd5 Rb6 40. Ke4 Kf6 41. Kd4 Ke6 42. e4 Rb8 43. f4 Rb7 44. f5+ Ke7 45. fxg6 fxg6
46. Kc5 Kf6 47. Kc6 Re7 48. Kxb5 Rxe4 49. Kc5 Re3 50. Rg5 Re6 51. b5 Ke7 52.
Rd5 Re3 53. b6 Rc3+ 54. Kb4 Rc1 55. Rb5 Rb1+ 56. Kc5 Rc1+ 57. Kd5 Rd1+ 58. Ke5
Rd8 59. b7 Rb8 60. Rb6
1-0

[Event "European Senior Chess Championship 2018"]
[Site "Drammen, Norway"]
[Date "2018.08.03"]
[Round "4"]
[White "Ingham, H William"]
[Black "Hedin, Gunnar"]
[Result "0-1"]
[WhiteElo "1819"]
[BlackElo "2179"]
[PlyCount "60"]
[EventDate "2018.??.??"]

1. d4 d6 2. Nf3 f5 3. Bg5 h6 4. Bf4 g5 5. Be3 Bg7 6. g3 e6 7. c4 Nf6 8. Nc3 Qe7
9. Bg2 c6 10. Qd3 e5 11. dxe5 dxe5 12. Qc2 Ng4 13. h3 Nxe3 14. fxe3 Qc5 15. e4
f4 16. gxf4 exf4 17. O-O-O Qxc4 18. e5 O-O 19. Rd4 Qc5 20. Qb3+ Kh8 21. Rh2 Na6
22. Kb1 Bf5+ 23. Ka1 Qe7 24. Rd2 Nc5 25. Qa3 Rfe8 26. Nd4 Bg6 27. Nxc6 bxc6 28.
Bxc6 Rac8 29. Bxe8 Qxe8 30. Qxc5 Rxc5
0-1

[Event "European Senior Chess Championship 2018"]
[Site "Drammen, Norway"]
[Date "2018.08.03"]
[Round "4"]
[White "Vinke, Dietmar"]
[Black "Sand, Rolf, Dr."]
[Result "1/2-1/2"]
[WhiteElo "2166"]
[BlackElo "1990"]
[PlyCount "33"]
[EventDate "2018.??.??"]

1. Nf3 c5 2. g3 Nc6 3. Bg2 g6 4. O-O Bg7 5. e4 d6 6. d3 e5 7. Nc3 Nge7 8. Be3
O-O 9. Qd2 Nd4 10. Nh4 Be6 11. Nd1 Qd7 12. c3 Ndc6 13. f4 exf4 14. gxf4 f5 15.
Rf2 b6 16. exf5 Nxf5 17. Nxf5
1/2-1/2

[Event "European Senior Chess Championship 2018"]
[Site "Drammen, Norway"]
[Date "2018.08.03"]
[Round "4"]
[White "Malmdin, Nils-Ake"]
[Black "Skogheim, Ole Morten"]
[Result "1-0"]
[WhiteElo "2135"]
[BlackElo "1992"]
[PlyCount "59"]
[EventDate "2018.??.??"]

1. e4 c5 2. Nc3 Nc6 3. Bb5 g6 4. f4 Bg7 5. Nf3 e6 6. O-O Nge7 7. d3 d5 8. Qe1
O-O 9. Bxc6 Nxc6 10. e5 a6 11. Qf2 b6 12. Ne2 f6 13. d4 cxd4 14. Nexd4 Qc7 15.
Nxc6 Qxc6 16. exf6 Bxf6 17. Be3 b5 18. Bc5 Rf7 19. Qe3 Bd7 20. c3 Rc8 21. b4
Rc7 22. Rf2 Qa8 23. Raf1 Qe8 24. Re1 Bc6 25. g4 Be7 26. Bd4 Bd6 27. Ne5 Rf8 28.
g5 Rf5 29. Ng4 Qf7 30. Nh6+
1-0

[Event "European Senior Chess Championship 2018"]
[Site "Drammen, Norway"]
[Date "2018.08.03"]
[Round "4"]
[White "Idesis, Yaacov"]
[Black "Schouten, Nico"]
[Result "0-1"]
[WhiteElo "1958"]
[BlackElo "2126"]
[PlyCount "76"]
[EventDate "2018.??.??"]

1. d4 Nf6 2. Bf4 d6 3. e3 g6 4. Nf3 Bg7 5. c3 O-O 6. Be2 Nbd7 7. h3 Ne4 8. Nbd2
Nxd2 9. Qxd2 e5 10. dxe5 dxe5 11. Bh2 Qe7 12. O-O Nc5 13. Rad1 Bf5 14. Qc1 Rfd8
15. Rxd8+ Rxd8 16. Rd1 Bd3 17. Bxd3 Nxd3 18. Qc2 e4 19. Ne1 Nxe1 20. Rxe1 Rd3
21. Rd1 Qd7 22. Rxd3 exd3 23. Qd2 c5 24. e4 b5 25. Bf4 a5 26. Be3 c4 27. f3 Bf8
28. a3 b4 29. axb4 axb4 30. Bd4 b3 31. Kf2 Qc7 32. g3 Qc8 33. Kg2 Qe6 34. h4 h5
35. Qg5 Kh7 36. Qf4 Bd6 37. Qe3 Be5 38. Kf2 Qd7
0-1

[Event "European Senior Chess Championship 2018"]
[Site "Drammen, Norway"]
[Date "2018.08.03"]
[Round "4"]
[White "Neumann, Joachim"]
[Black "Smeby, Ole"]
[Result "1-0"]
[WhiteElo "2124"]
[BlackElo "1980"]
[PlyCount "137"]
[EventDate "2018.??.??"]

1. g3 Nf6 2. c4 c5 3. Bg2 Nc6 4. Nc3 g6 5. Nf3 Bg7 6. d4 cxd4 7. Nxd4 O-O 8.
O-O Re8 9. Rb1 Nxd4 10. Qxd4 d6 11. Qd3 Nd7 12. b3 Nc5 13. Qc2 Rb8 14. Rd1 Bd7
15. Bb2 Qc8 16. Rbc1 Bh3 17. Bxh3 Qxh3 18. Nb5 a6 19. Nc7 Red8 20. Bxg7 Kxg7
21. Qc3+ f6 22. Nd5 Kf7 23. Nf4 Qh6 24. Qf3 g5 25. Nd5 Nd7 26. Ne3 Ne5 27. Qe4
Qg6 28. Qd5+ e6 29. Qa5 Rbc8 30. Qb4 Rc6 31. Qxb7+ Rd7 32. Qb4 f5 33. c5 d5 34.
f4 gxf4 35. Qxf4 Qf6 36. Qd4 h5 37. Ng2 Ng4 38. Qxf6+ Nxf6 39. b4 e5 40. a4 Ne4
41. Ne1 Ke6 42. Nd3 Rb7 43. Rc2 Nf6 44. Rb1 d4 45. b5 axb5 46. axb5 Nd5 47.
Rbb2 Rcc7 48. c6 Rb8 49. Nc5+ Kd6 50. Na6 Rb6 51. Nxc7 Nxc7 52. Kf2 Rxb5 53.
Rxb5 Nxb5 54. Rb2 Kxc6 55. Ra2 Kd5 56. Ra8 Ke4 57. Rh8 d3 58. exd3+ Kxd3 59.
Rxh5 Nd4 60. g4 e4 61. Rh3+ Kd2 62. Re3 Nc2 63. Re2+ Kd3 64. g5 e3+ 65. Kf1 Nd4
66. g6 Nxe2 67. g7 Nf4 68. g8=Q e2+ 69. Kf2
1-0

[Event "European Senior Chess Championship 2018"]
[Site "Drammen, Norway"]
[Date "2018.08.03"]
[Round "4"]
[White "Lerstad, Bjorn"]
[Black "Ashby, Anthony C"]
[Result "0-1"]
[WhiteElo "1916"]
[BlackElo "2055"]
[PlyCount "78"]
[EventDate "2018.??.??"]

1. e4 e5 2. Nf3 Nc6 3. Bc4 Nf6 4. d4 exd4 5. O-O Bc5 6. e5 d5 7. exf6 dxc4 8.
Re1+ Be6 9. Ng5 Qd5 10. Nc3 Qf5 11. Nce4 Bb6 12. fxg7 Rg8 13. g4 Qg6 14. Qf3
O-O-O 15. Nf6 Rxg7 16. h4 Qxc2 17. Rxe6 fxe6 18. Nxe6 Rf7 19. Nxd8 Nxd8 20. g5
d3 21. Qf5+ Kb8 22. Be3 Qxb2 23. Rd1 Bxe3 24. fxe3 Qe2 25. Rf1 Qxe3+ 26. Kh1 a6
27. Qd5 Qh3+ 28. Kg1 Qg3+ 29. Kh1 Qd6 30. Qxc4 Re7 31. Nd5 Re2 32. Nf4 Rd2 33.
Rf3 Qb6 34. Rf1 Qc6+ 35. Qxc6 Nxc6 36. h5 Ne5 37. g6 hxg6 38. hxg6 Nxg6 39.
Nxg6 Rxa2
0-1

[Event "European Senior Chess Championship 2018"]
[Site "Drammen, Norway"]
[Date "2018.08.03"]
[Round "4"]
[White "Svensson, Leif"]
[Black "Kuznetsova, Luba"]
[Result "1-0"]
[WhiteElo "2052"]
[BlackElo "1983"]
[PlyCount "63"]
[EventDate "2018.??.??"]

1. d4 Nf6 2. Nc3 d5 3. Bg5 e6 4. e4 dxe4 5. Nxe4 Be7 6. Bxf6 Bxf6 7. Nf3 O-O 8.
Qd2 b6 9. Qe3 Bb7 10. Bd3 h6 11. O-O-O Be7 12. Kb1 Nd7 13. h4 Qe8 14. g4 c5 15.
c3 Rc8 16. Rhg1 cxd4 17. cxd4 Bd8 18. Nc3 Bxf3 19. Qxf3 Bxh4 20. Ne4 Qe7 21. g5
hxg5 22. Nxg5 g6 23. Qh3 Bxg5 24. Rh1 Kg7 25. Qh7+ Kf6 26. f4 e5 27. fxg5+ Ke6
28. Qh3+ Kd6 29. Ba6 Rce8 30. Qa3+ Kc7 31. Rc1+ Kb8 32. Rc8+
1-0